UK residential research bulletin. No 33 Summer 2000 (double issue) & No.34 Winter 2000/01 (Record no. 100908)

MARC details
000 -LEADER
fixed length control field 00670cam a2200217 4500
001 - CONTROL NUMBER
control field J62379
008 - FIXED-LENGTH DATA ELEMENTS--GENERAL INFORMATION
fixed length control field 000000n2000 000 0 eng u
035 ## - SYSTEM CONTROL NUMBER
System control number (Sirsi) u109224
041 ## - LANGUAGE CODE
Language code of text/sound track or separate title ENG
110 ## - MAIN ENTRY--CORPORATE NAME
Corporate name or jurisdiction name as entry element FPDSavills
9 (RLIN) 3625
245 ## - TITLE STATEMENT
Title UK residential research bulletin. No 33 Summer 2000 (double issue) & No.34 Winter 2000/01
260 ## - PUBLICATION, DISTRIBUTION, ETC.
Place of publication, distribution, etc. London
Name of publisher, distributor, etc. FPDSavills
Date of publication, distribution, etc. 2000
300 ## - PHYSICAL DESCRIPTION
Extent 2pt. ; 30cm.
650 ## - SUBJECT ADDED ENTRY--TOPICAL TERM
Topical term or geographic name entry element HOUSE PRICES
650 ## - SUBJECT ADDED ENTRY--TOPICAL TERM
Topical term or geographic name entry element RESIDENTIAL DEVELOPMENT
650 ## - SUBJECT ADDED ENTRY--TOPICAL TERM
Topical term or geographic name entry element RESIDENTIAL INVESTMENT MARKET
650 ## - SUBJECT ADDED ENTRY--TOPICAL TERM
Topical term or geographic name entry element RESIDENTIAL PROPERTY
9 (RLIN) 6266
690 ## - LOCAL SUBJECT ADDED ENTRY--TOPICAL TERM (OCLC, RLIN)
Topical term or geographic name as entry element PROPERTY-RESIDENTIAL PROPERTY-RESIDENTIAL PROPERTY MARKET
710 ## - ADDED ENTRY--CORPORATE NAME
Corporate name or jurisdiction name as entry element Savills
9 (RLIN) 2020
942 ## - ADDED ENTRY ELEMENTS (KOHA)
Suppress in OPAC 0
Holdings
Withdrawn status Lost status Source of classification or shelving scheme Damaged status Not for loan Home library Current library Shelving location Date acquired Total Checkouts Full call number Barcode Date last seen Date last checked out Copy number Price effective from Koha item type
    Dewey Decimal Classification     London London Property market reports 08/11/2000 4 PROPERTY MARKET REPORTS 30062379 06/08/2019 23/01/2001 1 06/08/2019 Book
    Dewey Decimal Classification     London London Property market reports 30/04/2001 2 PROPERTY MARKET REPORTS 30064330 06/08/2019 27/07/2005 2 06/08/2019 Book